The Gospel according to God : (Record no. 10806)

MARC details
000 -LEADER
fixed length control field 01600cam a2200325 i 4500
001 - CONTROL NUMBER
control field 19648290
003 - CONTROL NUMBER IDENTIFIER
control field OSt
005 - DATE AND TIME OF LATEST TRANSACTION
control field 20210915190309.0
008 - FIXED-LENGTH DATA ELEMENTS--GENERAL INFORMATION
fixed length control field 170516s2018 ilu b 001 0 eng
010 ## - LIBRARY OF CONGRESS CONTROL NUMBER
LC control number 2017022968
020 ## - INTERNATIONAL STANDARD BOOK NUMBER
International Standard Book Number 9781433549571 (hc)
040 ## - CATALOGING SOURCE
Original cataloging agency DLC
Language of cataloging eng
Transcribing agency DLC
Description conventions rda
Modifying agency DLC
042 ## - AUTHENTICATION CODE
Authentication code pcc
050 00 - LIBRARY OF CONGRESS CALL NUMBER
Classification number BS1520
Item number .M27 2018
082 00 - DEWEY DECIMAL CLASSIFICATION NUMBER
Classification number 224.1
Edition number 23
Item number MII6G
100 1# - MAIN ENTRY--PERSONAL NAME
Personal name MacArthur, John,
Dates associated with a name 1939-
Relator term author.
245 14 - TITLE STATEMENT
Title The Gospel according to God :
Remainder of title rediscovering the most remarkable chapter in the Old Testament /
Statement of responsibility, etc. John MacArthur.
264 #1 - PRODUCTION, PUBLICATION, DISTRIBUTION, MANUFACTURE, AND COPYRIGHT NOTICE
Place of production, publication, distribution, manufacture Wheaton, Illinois :
Name of producer, publisher, distributor, manufacturer Crossway,
Date of production, publication, distribution, manufacture, or copyright notice 2018.
300 ## - PHYSICAL DESCRIPTION
Extent 224 pages ;
Dimensions 24 cm
336 ## - CONTENT TYPE
Content type term text
Content type code txt
Source rdacontent
337 ## - MEDIA TYPE
Media type term unmediated
Media type code n
Source rdamedia
338 ## - CARRIER TYPE
Carrier type term volume
Carrier type code nc
Source rdacarrier
504 ## - BIBLIOGRAPHY, ETC. NOTE
Bibliography, etc. note Includes bliographical references and index.
505 0# - FORMATTED CONTENTS NOTE
Formatted contents note The suffering servant -- The most remarkable chapter in the Old Testament -- Of whom does the prophet say this? -- Astonishing! -- What if some did not believe? -- The substituted servant -- The silent servant -- The suffering and exalted servant -- The sin-bearing servant -- The life and times of Isaiah the Prophet -- Here am I! send me -- Judah's demise -- The man of sorrows.
630 00 - SUBJECT ADDED ENTRY--UNIFORM TITLE
Uniform title Bible.
Name of part/section of a work Isaiah, LII, 13-LIII
Form subdivision Commentaries.
776 08 - ADDITIONAL PHYSICAL FORM ENTRY
Relationship information Online version:
Main entry heading MacArthur, John, 1939- author.
Title Gospel according to God
Place, publisher, and date of publication Wheaton : Crossway, 2018
International Standard Book Number 9781433549588
Record control number (DLC) 2017051970
906 ## - LOCAL DATA ELEMENT F, LDF (RLIN)
a 7
b cbc
c orignew
d 1
e ecip
f 20
g y-gencatlg
942 ## - ADDED ENTRY ELEMENTS (KOHA)
Source of classification or shelving scheme Dewey Decimal Classification
Koha item type Books
Holdings
Withdrawn status Lost status Source of classification or shelving scheme Damaged status Not for loan Collection code Home library Current library Shelving location Date acquired Total Checkouts Total Renewals Full call number Barcode Date last seen Date last checked out Price effective from Koha item type
    Dewey Decimal Classification     Non-fiction Harvest Mission College Harvest Mission College General Stacks 15.09.2021 1 1 224.1 MII6G 012628 31.03.2025 13.11.2024 15.09.2021 Books

OPAC Designed and Maintained by HMC Library Team.
Copyright © HMC Library,Greater Noida, UP.
For any Suggestions/Query Contact library via Email:libhmc@gmail.com